Min fa dian ping zhu. (Record no. 1562)

MARC details
000 -LEADER
fixed length control field 02482cam a22006015i 4500
001 - CONTROL NUMBER
control field data
005 - DATE AND TIME OF LATEST TRANSACTION
control field 20260322212106.0
008 - FIXED-LENGTH DATA ELEMENTS--GENERAL INFORMATION
fixed length control field data
035 ## - SYSTEM CONTROL NUMBER
System control number 23248903
010 ## - LIBRARY OF CONGRESS CONTROL NUMBER
LC control number 2023380812
020 ## - INTERNATIONAL STANDARD BOOK NUMBER
International Standard Book Number 9787521611090
Qualifying information (set)
020 ## - INTERNATIONAL STANDARD BOOK NUMBER
International Standard Book Number 7521611098
Qualifying information (set)
035 ## - SYSTEM CONTROL NUMBER
System control number (OCoLC)1226475701
040 ## - CATALOGING SOURCE
Original cataloging agency BCBTC
Language of cataloging eng
Description conventions rda
Transcribing agency BCBTC
Modifying agency DLC
-- OCLCO
-- OCLCF
-- OCLCO
-- DLC
042 ## - AUTHENTICATION CODE
Authentication code lccopycat
043 ## - GEOGRAPHIC AREA CODE
Geographic area code a-cc---
066 ## - CHARACTER SETS PRESENT
Alternate G0 or G1 character set $1
097 00 -
-- KNQ858
-- .M5644 2020
245 00 - TITLE STATEMENT
Linkage 880-01
Title Min fa dian ping zhu.
Name of part/section of a work He tong bian, dian xing he tong yu zhun he tong /
Statement of responsibility, etc. Xie Hongfei, Zhu Guangxin zhu bian.
246 30 - VARYING FORM OF TITLE
Linkage 880-02
Title proper/short title He tong bian, dian xing he tong yu zhun he tong
250 ## - EDITION STATEMENT
Linkage 880-03
Edition statement Di 1 ban.
264 #1 - PRODUCTION, PUBLICATION, DISTRIBUTION, MANUFACTURE, AND COPYRIGHT NOTICE
Linkage 880-04
Place of production, publication, distribution, manufacture Beijing :
Name of producer, publisher, distributor, manufacturer Zhongguo fa zhi chu ban she,
Date of production, publication, distribution, manufacture, or copyright notice 2020.
300 ## - PHYSICAL DESCRIPTION
Extent 4 volumes ;
Dimensions 24 cm.
336 ## - CONTENT TYPE
Content type term text
Content type code txt
Source rdacontent
337 ## - MEDIA TYPE
Media type term unmediated
Media type code n
Source rdamedia
338 ## - CARRIER TYPE
Carrier type term volume
Carrier type code nc
Source rdacarrier
490 1# - SERIES STATEMENT
Linkage 880-05
Series statement Zhongguo she hui ke xue yuan fa xue yan jiu suo min fa dian yan jiu cong shu
504 ## - BIBLIOGRAPHY, ETC. NOTE
Bibliography, etc. note Includes bibliographical references.
650 #0 - SUBJECT ADDED ENTRY--TOPICAL TERM
Topical term or geographic name entry element Contracts
Geographic subdivision China.
650 #0 - SUBJECT ADDED ENTRY--TOPICAL TERM
Topical term or geographic name entry element Contracts.
650 #2 - SUBJECT ADDED ENTRY--TOPICAL TERM
Topical term or geographic name entry element Contracts
Authority record control number or standard number (DNLM)D032982
650 #6 - SUBJECT ADDED ENTRY--TOPICAL TERM
Topical term or geographic name entry element Contrats
Geographic subdivision Chine.
Authority record control number or standard number (CaQQLa)201-0476619
-- (CaQQLa)201-0476619
650 #6 - SUBJECT ADDED ENTRY--TOPICAL TERM
Topical term or geographic name entry element Contrats.
Authority record control number or standard number (CaQQLa)201-0003159
650 #7 - SUBJECT ADDED ENTRY--TOPICAL TERM
Topical term or geographic name entry element contracts.
Source of heading or term aat
Authority record control number or standard number (CStmoGRI)aat300027649
650 #7 - SUBJECT ADDED ENTRY--TOPICAL TERM
Topical term or geographic name entry element Contracts.
Source of heading or term fast
Authority record control number or standard number (OCoLC)fst00876969
651 #7 - SUBJECT ADDED ENTRY--GEOGRAPHIC NAME
Geographic name China.
Source of heading or term fast
Authority record control number or standard number (OCoLC)fst01206073
700 1# - ADDED ENTRY--PERSONAL NAME
Linkage 880-06
Personal name Xie, Hongfei,
Relator term editor.
700 1# - ADDED ENTRY--PERSONAL NAME
Linkage 880-07
Personal name Zhu, Guangxin,
Relator term editor.
880 00 - ALTERNATE GRAPHIC REPRESENTATION
Linkage 245-01/$1
a $1!FM!G*!3,'XN'XL(B.
p $1'^]!5C'Q[(B, $1!3,!81'^]!5C'T2'HK'^]!5C(B /
c $1'Y8'b<'`c(B, $1!Co'=*!Be!09'Q[(B.
880 30 - ALTERNATE GRAPHIC REPRESENTATION
Linkage 246-02/$1
a $1'^]!5C'Q[(B, $1!3,!81'^]!5C'T2'HK'^]!5C(B
880 ## - ALTERNATE GRAPHIC REPRESENTATION
Linkage 250-03/$1
a $1!Os(B1$1!JH(B.
880 #1 - ALTERNATE GRAPHIC REPRESENTATION
Linkage 264-04/$1
a $1!4I!0a(B :
b $1!04K7o!G*'Wl!3K!JH!Na(B,
c 2020.
880 1# - ALTERNATE GRAPHIC REPRESENTATION
Linkage 490-05/$1
a $1!04K7o!Na'CZ!O(':`!^z!G*':`KN7!ON!?u!FM!G*!3,KN7!ON'5+'CU(B
880 1# - ALTERNATE GRAPHIC REPRESENTATION
Linkage 700-06/$1
a $1'Y8'b<'`c(B,
e editor.
880 1# - ALTERNATE GRAPHIC REPRESENTATION
Linkage 700-07/$1
a $1!Co'=*!Be(B,
e editor.
830 #0 - SERIES ADDED ENTRY--UNIFORM TITLE
Linkage 880-08
Uniform title Zhongguo she hui ke xue yuan fa xue yan jiu suo min fa dian yan jiu cong shu.
880 #0 - ALTERNATE GRAPHIC REPRESENTATION
Linkage 830-08/$1
a $1!04K7o!Na'CZ!O(':`!^z!G*':`KN7!ON!?u!FM!G*!3,KN7!ON'5+'CU(B.
906 ## - LOCAL DATA ELEMENT F, LDF (RLIN)
a 0
b ibc
c copycat
d 3
e ncip
f 20
g y-nonroman
925 0# -
-- acquire
-- 1 shelf copy
-- policy default
923 ## -
-- 20230307
-- US01223108
-- CNP
985 ## -
-- CNP load-new
-- 2023-06-26
Holdings
Withdrawn status Lost status Damaged status Not for loan Home library Current library Shelving location Date acquired Total checkouts Full call number Barcode Date last seen Price effective from Koha item type
        Liberty Liberty General stacks 22/03/2026   LPL-LOC-00025 LOC-LPL-00025 22/03/2026 22/03/2026 Books